Meranie výkonov cestovného ruchu prostredníctvom turistického satelitného účtu v Európe
Špecifiká zberu údajov, merania a analýzy prínosov cestovného ruchu. Rozvoj štatistického merania v cestovnom ruchu a vznik turistického satelitného účtu. Prínosy zavedenia turistického satelitného účtu. Nedostatky turistického satelitného účtu. Zavádzanie turistického satelitného účtu v európskych...
Gespeichert in:
| 1. Verfasser: | |
|---|---|
| Format: | Buchkapitel |
| Sprache: | Slowakisch |
| Schlagworte: | |
| Tags: |
Keine Tags, Fügen Sie das erste Tag hinzu!
|
MARC
| LEADER | 00000nla$a2200000$$$4500 | ||
|---|---|---|---|
| 001 | 0112107 | ||
| 005 | 20240502072237.4 | ||
| 041 | 0 | |a slo | |
| 044 | |a SK | ||
| 245 | 1 | 0 | |a Meranie výkonov cestovného ruchu prostredníctvom turistického satelitného účtu v Európe |c Dominika Bojová |
| 520 | |a Špecifiká zberu údajov, merania a analýzy prínosov cestovného ruchu. Rozvoj štatistického merania v cestovnom ruchu a vznik turistického satelitného účtu. Prínosy zavedenia turistického satelitného účtu. Nedostatky turistického satelitného účtu. Zavádzanie turistického satelitného účtu v európskych krajinách. | ||
| 610 | 2 | 0 | |a ruch cestovný domáci |
| 610 | 2 | 0 | |a ruch cestovný medzinárodný |
| 610 | 2 | 0 | |a štatistika |
| 610 | 2 | 0 | |a analýzy |
| 610 | 2 | 0 | |a hospodárstvo národné |
| 610 | 2 | 0 | |a produkt domáci hrubý |
| 610 | 2 | 0 | |a účty |
| 610 | 2 | 0 | |a Európa |
| 100 | 1 | |a Bojová, Dominika | |